Je outdoor ideálním místem pro SP?

Výber vhodného prostredia pre sales promotion v závislosti od cieľovej skupiny. Street promotion v mestskom prostredí. Digitálna a bezdrátová technológia na akciách sales promotion. Originalita a netradičné prostredie ako nástroj na podporu predaja.

Enregistré dans:
Détails bibliographiques
Auteur principal: Frey, Petr
Format: Chapitre de livre
Langue:tchèque
Sujets:
Tags: Ajouter un tag
Pas de tags, Soyez le premier à ajouter un tag!

MARC

LEADER 00000naa$a2200000$$$4500
001 0036820
005 20231016104446.6
041 0 |a cze 
044 |a CZ 
245 1 0 |a Je outdoor ideálním místem pro SP?  |c Petr Frey 
520 |a Výber vhodného prostredia pre sales promotion v závislosti od cieľovej skupiny. Street promotion v mestskom prostredí. Digitálna a bezdrátová technológia na akciách sales promotion. Originalita a netradičné prostredie ako nástroj na podporu predaja. 
610 2 0 |a marketing 
610 2 0 |a reklama 
610 2 0 |a podpora predaja 
610 2 0 |a nástroje marketingové 
610 2 0 |a prezentácia firemná 
610 2 0 |a značky výrobkov 
610 2 0 |a technológie informačné 
610 2 0 |a digitalizácia 
100 1 |a Frey, Petr